• 首页
  • 本馆介绍
  • 公告通知
  • 最新文献
  • 馆藏检索
  • 电子资源
  • 读者导购
  • 参考咨询
  • 我的图书馆
  • 登录
  • 详细信息显示
  • 放入我的书架
  • 预约/预借图书
  • 作者相关作品
  • 分类相关作品
  • 丛书相关作品
  • 出版社相关作品

书目信息

  • 表格格式
  • 工作单格式
  • 卡片格式
题名:
罗伯特·杜瓦诺
    
 
作者: 杜瓦诺 , 夏尔-鲁 著 ;伊特 译
分册:  
出版信息: 武汉   华中科技大学出版社  2019.1
页数: 353页
开本: 32cm
丛书名:
单 册:
中图分类: J433
科图分类:
主题词: 人物摄影--法国--现代--摄影集
电子资源:
ISBN: 978-7-5680-4512-4
000 01544nam0 2200301 45
001 012001000923
005 20130910092945.0
010    @a978-7-5680-4512-4@b精装@dCNY398.00
099    @aCAL 012019031654
100    @a20190306d2019 em y0chiy0110 ea
101 1  @achi@cfre
102    @aCN@b420000
105    @aa z 000yy
106    @ar
200 1  @a罗伯特·杜瓦诺@Aluo bo te · du wa nuo@e《时尚》光影@f(法) 罗伯特·杜瓦诺, 埃德蒙德·夏尔-鲁著@g伊特译
210    @a武汉@c华中科技大学出版社@d2019.1
215    @a353页@c图@d32cm
300    @a其他题名:《时尚》光影
305    @a由Flammarion SA授权出版
330    @a从上流阶层的纸醉金迷、时尚人物的婀娜倩影、文化人士的谈吐交往到法国底层百姓的市井生活,这本装帧精美、设计出彩的画册——书脊采用开放式胶装以获得最好的阅读效果——为我们全面呈现了罗伯特·杜瓦诺在《时尚》杂志期间拍摄的最好照片。本画册收录了知名摄影师罗伯特·杜瓦诺在1949—1965年为《时尚》工作拍摄的照片,以一种全新的编辑视角呈现战后法国的人们生活。也包括他在自己的工作室或街道为知名明星(例如,碧姬·芭铎与贝蒂娜)拍摄的鲜为人知的照片。他也拍下了夜晚咖啡馆内人们的生活。杜瓦诺最出名的,是他以人道主义的方式巧妙地捕捉日常生活的场景——从婚礼进行种的优雅到调皮的小孩在街边不耐烦地等着吃蛋糕。
517 1  @a《时尚》光影
606 0  @a人物摄影@y法国@z现代@j摄影集
690    @aJ433@v5
701  1 @a杜瓦诺@Adu wa nuo@g(Doisneau, Robert),@f1912-1994@4著
701  1 @a夏尔-鲁@Axia er - lu@g(Charles-Roux, Edmonde)@4著
702  0 @a伊特@Ayi te@4译
801    @aCN@b江苏凤凰@c20211018
905    @b1341538-40@dJ433@e431@f3
    
    罗伯特·杜瓦诺:《时尚》光影/(法) 罗伯特·杜瓦诺, 埃德蒙德·夏尔-鲁著/伊特译.-武汉:华中科技大学出版社,2019.1
    353页:图;32cm
    其他题名:《时尚》光影
    
    ISBN 978-7-5680-4512-4(精装):CNY398.00
    从上流阶层的纸醉金迷、时尚人物的婀娜倩影、文化人士的谈吐交往到法国底层百姓的市井生活,这本装帧精美、设计出彩的画册——书脊采用开放式胶装以获得最好的阅读效果——为我们全面呈现了罗伯特·杜瓦诺在《时尚》杂志期间拍摄的最好照片。本画册收录了知名摄影师罗伯特·杜瓦诺在1949—1965年为《时尚》工作拍摄的照片,以一种全新的编辑视角呈现战后法国的人们生活。也包括他在自己的工作室或街道为知名明星(例如,碧姬·芭铎与贝蒂娜)拍摄的鲜为人知的照片。他也拍下了夜晚咖啡馆内人们的生活。杜瓦诺最出名的,是他以人道主义的方式巧妙地捕捉日常生活的场景——从婚礼进行种的优雅到调皮的小孩在街边不耐烦地等着吃蛋糕。
●
相关链接 在E读中查询图书 在五车中查询图书 在当当中查询图书 在豆瓣中查询图书


正题名:罗伯特·杜瓦诺     索取号:J433/431         预约/预借

序号 登录号 条形码 馆藏地/架位号 状态 备注
1 1341538   213415384   第一样本阅览室/ [索取号:J433/431] 在馆    
2 1341539   213415393   第一借阅区/ [索取号:J433/431] 在馆    
3 1341540   213415400   第一借阅区/ [索取号:J433/431] 在馆    
唐山师范学院图书馆 欢迎您!
大连网信软件有限公司© 版权所有